000 00383pab a2200145 454500
008 180718b2005 xxu||||| |||| 00| 0 eng d
100 _aChossudovsky, Michel
245 _aOwning the weather for military use: the ultimate weapon of mass destruction
260 _c2005
300 _ap.110-26.
362 _aWinter
650 _aWeapons
773 _aWorld Affairs
909 _a69056
999 _c69056
_d69056